000 00704nam a22002175i 4500
001 163954
003 ES-MaACL
005 20230906212838.0
008 990701s1897 be afhz |||| | fre d
040 _aGA
_bspa
_cCCPB | 3D
100 1 _aRooses, Max.
_999528
245 1 0 _aChristophe Plantin
_b: imprimeur anversois /
_cpar Max Rooses.
250 _a2ème éd.
260 _aAnvers :
_bJos. Maes,
_c1896 (
_fImp. J.-E. Buschmann)
300 _a414 p., [78] h. de facs. y lám. :
_bFacs., il. ;
_c32 cm.
600 0 4 _aPlantin, Christophe.
_992576
655 7 _2tgfbne
_9226495
_aFacsímiles
852 _aES-MaACL
_jC-1591
_z-- Enc. pasta grab.
942 _2udc
999 _c163954
_d163954